[Event "41st Pan-American U20"]
[Site "Guatape COL"]
[Date "2016.06.21"]
[Round "2.13"]
[White "Blandon, Luis Guillermo"]
[Black "Salcedo, Pablo Esteban"]
[Result "1-0"]
[WhiteElo "2260"]
[BlackElo "2035"]
[EventDate "2016.06.20"]
[PlyCount "45"]

1.e4 c5 2.Nf3 d6 3.d4 Nf6 4.Nc3 cxd4 5.Nxd4 a6 6.Bg5 e6 7.f4 Nbd7 8.Qf3 
Qc7 9.O-O-O b5 10.Bd3 Bb7 11.Rhe1 b4 12.Nd5 exd5 13.exd5+ Kd8 14.Nc6+ Bxc6
15.dxc6 Nc5 16.Bc4 Rc8 17.Bxf6+ gxf6 18.Qh5 Qxc6 19.Qxf7 Nd7 20.Re8+ Kc7 
21.Rxc8+ Kxc8 22.Be6 Bh6 23.Qxf6 1-0

[Event "41st Pan-American U20"]
[Site "Guatape COL"]
[Date "2016.06.21"]
[Round "2.14"]
[White "Ruiz Agudelo, Santiago"]
[Black "Santiago Vilca, Christian Amil"]
[Result "0-1"]
[WhiteElo "1722"]
[BlackElo "2269"]
[EventDate "2016.06.20"]
[PlyCount "78"]

1.e4 c5 2.Nf3 e6 3.d4 cxd4 4.Nxd4 a6 5.Bd3 Nf6 6.O-O Qc7 7.Qe2 d6 8.c4 g6 
9.Nc3 Bg7 10.Rd1 O-O 11.Nf3 Nc6 12.Bf4 e5 13.Be3 Bg4 14.h3 Nd4 15.Bxd4 
exd4 16.Nd5 Nxd5 17.cxd5 Bxf3 18.Qxf3 Rac8 19.Qf4 Qe7 20.Rac1 Rc5 21.a4 
Bf6 22.Qd2 Bg5 23.f4 Bh6 24.Rxc5 dxc5 25.b3 Qd6 26.g3 g5 27.Rf1 gxf4 28.
gxf4 Kh8 29.Kh2 f5 30.exf5 Re8 31.Bc2 Re3 32.Qf2 Qxd5 33.Qg2 Qe6 34.Qg4 d3
35.Bd1 Re4 36.Kg3 d2 37.Bc2 Re1 38.Qf3 Rc1 39.Qe4 Rxf1 0-1

[Event "41st Pan-American U20"]
[Site "Guatape COL"]
[Date "2016.06.21"]
[Round "2.16"]
[White "Ruiz Castillo, Joshua Daniel"]
[Black "Perez Lujan, Mateo"]
[Result "1-0"]
[WhiteElo "2399"]
[BlackElo "1851"]
[EventDate "2016.06.20"]
[PlyCount "53"]

1.e4 c5 2.Nf3 d6 3.d4 cxd4 4.Nxd4 Nf6 5.Nc3 g6 6.Be3 Bg7 7.f3 O-O 8.Qd2 
Nc6 9.O-O-O Nxd4 10.Bxd4 Be6 11.Kb1 Qc7 12.h4 Rfc8 13.h5 Qa5 14.hxg6 hxg6 
15.a3 Rab8 16.Bd3 b5 17.Qg5 Nh7 18.Rxh7 Kxh7 19.Rh1+ Kg8 20.Bxg7 Kxg7 21.
Qh6+ Kf6 22.e5+ Kxe5 23.Qe3+ Kf6 24.Ne4+ Ke5 25.Nc3+ Kf6 26.Qd4+ Kg5 27.
Qh4# 1-0

[Event "41st Pan-American U20"]
[Site "Guatape COL"]
[Date "2016.06.21"]
[Round "2.17"]
[White "Ostrovskiy, Aleksandr A"]
[Black "Acevedo Del Rio, Andres F"]
[Result "1-0"]
[WhiteElo "2390"]
[BlackElo "1835"]
[EventDate "2016.06.20"]
[PlyCount "59"]

1.e4 e6 2.d4 d5 3.Nc3 Bb4 4.e5 Qd7 5.a3 Bxc3+ 6.bxc3 b6 7.Qg4 f5 8.Qg3 Ba6
9.Bxa6 Nxa6 10.Ne2 c5 11.Nf4 Kf7 12.O-O Ne7 13.a4 Ng6 14.Ne2 Rhc8 15.Qd3 
c4 16.Qg3 Rab8 17.h4 Kg8 18.h5 Nf8 19.Qh3 Rb7 20.f3 Nb8 21.g4 Qf7 22.Ng3 
fxg4 23.fxg4 Qe8 24.Ba3 Rf7 25.Rxf7 Qxf7 26.Rf1 Qd7 27.g5 g6 28.Bxf8 Rxf8 
29.Rxf8+ Kxf8 30.hxg6 1-0

[Event "41st Pan-American U20"]
[Site "Guatape COL"]
[Date "2016.06.21"]
[Round "2.18"]
[White "Zapata Arbelaez, Estiven"]
[Black "Fernandez, Nelson Wilfredo"]
[Result "1-0"]
[WhiteElo "2102"]
[BlackElo "1814"]
[EventDate "2016.06.20"]
[PlyCount "57"]

1.d4 d5 2.c4 c6 3.Nf3 Nf6 4.Qc2 dxc4 5.Qxc4 Bg4 6.Ne5 Bh5 7.Nc3 e6 8.h3 
Nbd7 9.g4 Bg6 10.Bg2 Nxe5 11.dxe5 Nd7 12.Bf4 Qa5 13.O-O Rd8 14.Rad1 Be7 
15.Bg3 h5 16.g5 Bxg5 17.Ne4 Bxe4 18.Qxe4 g6 19.f4 Be7 20.Qf3 O-O 21.e4 Nc5
22.f5 Rxd1 23.Rxd1 Rd8 24.Rd6 Qc7 25.b4 Na6 26.fxg6 Bxd6 27.exd6 Qd7 28.
Qxh5 f6 29.e5 1-0

[Event "41st Pan-American U20"]
[Site "Guatape COL"]
[Date "2016.06.21"]
[Round "2.19"]
[White "Benjumea Rave, Jaime Stiden"]
[Black "Gonzalez Lopez, Nicolas Mateo"]
[Result "0-1"]
[WhiteElo "1775"]
[BlackElo "2100"]
[EventDate "2016.06.20"]
[PlyCount "42"]

1.Nf3 Nf6 2.d4 g6 3.c4 Bg7 4.g3 O-O 5.Bg2 d6 6.O-O Nbd7 7.Nc3 e5 8.e4 Re8 
9.d5 Nc5 10.Qc2 a5 11.h3 c6 12.Be3 Na6 13.Rfd1 cxd5 14.Nxd5 Nxd5 15.Rxd5 
Nb4 16.Qb3 Nxd5 17.cxd5 Bd7 18.Bf1 b5 19.Bxb5 Bxb5 20.Qxb5 Qb8 21.Qe2 Qb4 
0-1

[Event "41st Pan-American U20"]
[Site "Guatape COL"]
[Date "2016.06.21"]
[Round "2.20"]
[White "Rosero, Jefferson"]
[Black "Echeverry, Jose Miguel"]
[Result "1-0"]
[WhiteElo "2090"]
[BlackElo "1807"]
[EventDate "2016.06.20"]
[PlyCount "61"]

1.e4 e6 2.d4 d5 3.Nc3 Bb4 4.e5 Qd7 5.Qg4 f5 6.Qg3 b6 7.a3 Bxc3+ 8.Qxc3 Ne7
9.a4 Ba6 10.Ne2 O-O 11.b3 c5 12.dxc5 bxc5 13.Ba3 Rc8 14.Bxc5 Bxe2 15.Bxe2 
Qc7 16.b4 a5 17.Qa3 axb4 18.Bxb4 Nec6 19.O-O Qxe5 20.Rfe1 Qf4 21.Bd6 Qg5 
22.Qb2 f4 23.Qb7 Rd8 24.Bxb8 Nd4 25.Qxa8 f3 26.Bf1 fxg2 27.Bxg2 Rf8 28.Qa7
e5 29.Bxe5 Nf3+ 30.Kh1 Nxe5 31.Qd4 1-0

[Event "41st Pan-American U20"]
[Site "Guatape COL"]
[Date "2016.06.21"]
[Round "2.21"]
[White "Posada, Juan Manuel"]
[Black "Gomez Morales, Juan Sebastian"]
[Result "1-0"]
[WhiteElo "2041"]
[BlackElo "1729"]
[EventDate "2016.06.20"]
[PlyCount "75"]

1.e4 c5 2.Nf3 d6 3.d4 cxd4 4.Nxd4 Nf6 5.Nc3 g6 6.Be2 Bg7 7.O-O Nc6 8.Nb3 
O-O 9.Re1 Bd7 10.Bf1 Rc8 11.Bg5 h6 12.Bh4 Ne5 13.Nd5 Nxd5 14.exd5 g5 15.
Bg3 Nc4 16.Bxc4 Rxc4 17.Qe2 Qc8 18.c3 Re8 19.Qe3 a5 20.f4 gxf4 21.Bxf4 a4 
22.Nd2 Rxf4 23.Qxf4 a3 24.bxa3 Qc5+ 25.Kh1 Qxd5 26.Ne4 Bc6 27.Rad1 Qxa2 
28.Rd2 Qxa3 29.Rf2 Qb3 30.c4 Rf8 31.Ng3 e5 32.Qg4 Qc3 33.Ref1 e4 34.Nh5 
Qe5 35.Rf5 Bd7 36.Nxg7 Bxf5 37.Nxf5+ Kh7 38.Qh4 1-0

[Event "41st Pan-American U20"]
[Site "Guatape COL"]
[Date "2016.06.21"]
[Round "2.22"]
[White "Olarte Parra, Jhoan Sebastian"]
[Black "Correa, Daniel"]
[Result "1-0"]
[WhiteElo "2001"]
[BlackElo "1716"]
[EventDate "2016.06.20"]
[PlyCount "39"]

1.e4 c5 2.Nf3 Nc6 3.c4 g6 4.d4 cxd4 5.Nxd4 Bg7 6.Be3 Nf6 7.Nc3 O-O 8.Be2 
d6 9.f3 Qc7 10.O-O Be6 11.b3 Rfc8 12.Rc1 Qd7 13.Qd2 Nxd4 14.Bxd4 Nh5 15.
Be3 f5 16.f4 Nf6 17.Bf3 Rf8 18.e5 Ne8 19.Rfd1 a6 20.Qf2 1-0

[Event "41st Pan-American U20"]
[Site "Guatape COL"]
[Date "2016.06.21"]
[Round "2.23"]
[White "Castano Orrego, Simon"]
[Black "Obando Guzman, Soren Federico"]
[Result "0-1"]
[WhiteElo "1687"]
[BlackElo "1992"]
[EventDate "2016.06.20"]
[PlyCount "38"]

1.e4 c5 2.Nf3 d6 3.d4 cxd4 4.Nxd4 Nf6 5.Nc3 a6 6.Be2 Nbd7 7.Be3 g6 8.O-O 
Bg7 9.f4 O-O 10.a4 h5 11.a5 Nc5 12.Bf3 Ng4 13.Bc1 Ne6 14.Nde2 b6 15.h3 Nh6
16.f5 Nc5 17.b4 Nb7 18.Be3 bxa5 19.bxa5 gxf5 0-1

[Event "41st Pan-American U20"]
[Site "Guatape COL"]
[Date "2016.06.21"]
[Round "2.24"]
[White "Soto, Miguel Angel"]
[Black "Norena Marin, Jeronimo"]
[Result "1-0"]
[WhiteElo "1972"]
[BlackElo "1514"]
[EventDate "2016.06.20"]
[PlyCount "45"]

1.e4 e5 2.Nf3 Nf6 3.Nxe5 d6 4.Nf3 Nxe4 5.Nc3 Nxc3 6.dxc3 Be7 7.Be3 O-O 8.
Qd2 Nc6 9.O-O-O Be6 10.Kb1 Qd7 11.Nd4 Nxd4 12.cxd4 Qa4 13.d5 Bd7 14.Qc3 
Bf6 15.Bd4 Bf5 16.Bxf6 gxf6 17.Bd3 Bxd3 18.Rxd3 Rfe8 19.Qxf6 Qe4 20.Rg3+ 
Kf8 21.Qg7+ Ke7 22.Re3 Qxe3 23.fxe3 1-0

[Event "41st Pan-American U20"]
[Site "Guatape COL"]
[Date "2016.06.21"]
[Round "2.25"]
[White "Lopez Gonzalez, Carlos Andres"]
[Black "Yepez, Yeison Alexander"]
[Result "0-1"]
[WhiteElo "1482"]
[BlackElo "1968"]
[EventDate "2016.06.20"]
[PlyCount "75"]

1.e4 c5 2.Nf3 d6 3.d4 cxd4 4.Nxd4 Nf6 5.Nc3 a6 6.g3 b5 7.a3 Bb7 8.Bg2 e6 
9.O-O Qc7 10.h3 Be7 11.Be3 Nbd7 12.Nb3 Nb6 13.Na5 e5 14.Nxb7 Qxb7 15.Bxb6 
Qxb6 16.Nd5 Nxd5 17.Qxd5 O-O 18.Rfd1 Rac8 19.c3 a5 20.Qb3 Rb8 21.Rd5 Rfc8 
22.Bf1 Rc5 23.Rad1 Rb7 24.Rxc5 dxc5 25.Qd5 Qc7 26.Be2 a4 27.Kg2 g6 28.b4 
axb3 29.Qxb3 c4 30.Qb2 Qc5 31.Rd5 Qxa3 32.Qxa3 Bxa3 33.Rxe5 Bb2 34.Re8+ 
Kg7 35.Rc8 Bxc3 36.Kf3 Ba5 37.Bd1 Bc7 38.Rxc7 0-1

[Event "41st Pan-American U20"]
[Site "Guatape COL"]
[Date "2016.06.21"]
[Round "3.1"]
[White "Supi, Luis Paulo"]
[Black "Campos Jimenez, Augusto Cesar"]
[Result "1-0"]
[WhiteElo "2488"]
[BlackElo "2337"]
[EventDate "2016.06.20"]
[PlyCount "83"]

1.d4 Nf6 2.c4 e6 3.Nc3 Bb4 4.e3 O-O 5.Bd3 d5 6.cxd5 exd5 7.Ne2 c6 8.O-O 
Re8 9.f3 c5 10.Kh1 Nc6 11.a3 cxd4 12.exd4 Be7 13.g4 g6 14.Bh6 Bf8 15.Bxf8 
Rxf8 16.Qd2 Be6 17.Rg1 Re8 18.b4 a5 19.b5 Ne7 20.Ng3 Kh8 21.h4 Rc8 22.Nce2
Neg8 23.g5 Nd7 24.h5 Nb6 25.Qf4 Qc7 26.Qh4 Kg7 27.Nf4 Bd7 28.hxg6 hxg6 29.
Ngh5+ gxh5 30.g6 f5 31.Nxh5+ Kf8 32.Qg5 Qd6 33.Bxf5 Re6 34.Bxe6 Qxe6 35.
Qf4+ Qf5 36.Qd6+ Ne7 37.Nf4 Nc4 38.g7+ Kf7 39.Qh6 Ng8 40.Qh4 Nd2 41.Rg5 
Qd3 42.Nxd3 1-0

[Event "41st Pan-American U20"]
[Site "Guatape COL"]
[Date "2016.06.21"]
[Round "3.2"]
[White "Escalante Ramirez, Brian Sebas"]
[Black "Albornoz Cabrera, Carlos Danie"]
[Result "0-1"]
[WhiteElo "2300"]
[BlackElo "2471"]
[EventDate "2016.06.20"]
[PlyCount "50"]

1.e4 c5 2.Nf3 Nc6 3.Bb5 d6 4.Bxc6+ bxc6 5.e5 dxe5 6.Nxe5 Qd5 7.Nf3 Qe4+ 8.
Qe2 Qxe2+ 9.Kxe2 Ba6+ 10.Ke1 f6 11.b3 e5 12.d3 Ne7 13.c4 O-O-O 14.Ke2 Nf5 
15.Ba3 g5 16.h3 Ng7 17.Nc3 Ne6 18.Bc1 Be7 19.g4 h5 20.Be3 Kc7 21.Ne4 Bc8 
22.Rhg1 Rdg8 23.Ng3 hxg4 24.hxg4 Nf4+ 25.Bxf4 exf4 0-1

[Event "41st Pan-American U20"]
[Site "Guatape COL"]
[Date "2016.06.21"]
[Round "3.3"]
[White "Vasquez, Guillermo"]
[Black "Blandon, Luis Guillermo"]
[Result "1-0"]
[WhiteElo "2401"]
[BlackElo "2260"]
[EventDate "2016.06.20"]
[PlyCount "47"]

1.e4 c5 2.Nf3 d6 3.d4 cxd4 4.Qxd4 a6 5.h3 Nc6 6.Qe3 g6 7.c4 Bg7 8.Be2 Qa5+
9.Nc3 Bxc3+ 10.bxc3 Nf6 11.O-O Qc5 12.Qf4 h6 13.Be3 Qa5 14.Bd4 g5 15.Qe3 
Ne5 16.c5 Nxf3+ 17.Qxf3 g4 18.Qf4 gxh3 19.g3 dxc5 20.Bxf6 exf6 21.Qxf6 Rg8
22.Bh5 Qc7 23.Rad1 Rf8 24.Rd5 1-0

[Event "41st Pan-American U20"]
[Site "Guatape COL"]
[Date "2016.06.21"]
[Round "3.4"]
[White "Heinechen, Juan"]
[Black "Viswanadha, Kesav"]
[Result "0-1"]
[WhiteElo "2080"]
[BlackElo "2377"]
[EventDate "2016.06.20"]
[PlyCount "48"]

1.e4 e5 2.Nf3 Nc6 3.Bc4 Bc5 4.c3 Nf6 5.d4 exd4 6.cxd4 Bb4+ 7.Nbd2 Nxe4 8.
O-O Nxd2 9.Bxd2 Bxd2 10.Qxd2 d5 11.Rfe1+ Ne7 12.Bb3 O-O 13.Qg5 Be6 14.Qh5 
h6 15.Bc2 Nc6 16.g4 Qf6 17.g5 Qf4 18.h3 Bf5 19.Bxf5 Qxf5 20.Re3 Rae8 21.
Rae1 Re4 22.Kh1 Rfe8 23.Rxe4 Rxe4 24.Rg1 g6 0-1

[Event "41st Pan-American U20"]
[Site "Guatape COL"]
[Date "2016.06.21"]
[Round "3.5"]
[White "Cori Quispe, Kevin Joel"]
[Black "Cofre Archibold, Nestor"]
[Result "1/2-1/2"]
[WhiteElo "2353"]
[BlackElo "2215"]
[EventDate "2016.06.20"]
[PlyCount "167"]

1.e4 e6 2.d4 d5 3.Nc3 Bb4 4.e5 c5 5.a3 Bxc3+ 6.bxc3 Ne7 7.Qg4 Qc7 8.Qxg7 
Rg8 9.Qxh7 cxd4 10.Ne2 Nbc6 11.f4 Bd7 12.h4 O-O-O 13.Qd3 dxc3 14.h5 Kb8 
15.Rb1 d4 16.h6 Be8 17.h7 Rh8 18.g4 Nd5 19.g5 Nb6 20.Bg2 a6 21.Ng3 Na5 22.
Be4 Nac4 23.Qf3 Nd5 24.Bd3 Nd2 25.Bxd2 cxd2+ 26.Kxd2 Qa5+ 27.Ke2 Bc6 28.
Kf2 Rc8 29.Be4 Qc5 30.Bd3 Nc3 31.Ne4 Nxe4+ 32.Bxe4 d3+ 33.Kg3 dxc2 34.Rbc1
Bxe4 35.Qxe4 Qc3+ 36.Kg4 Rc4 37.Qe2 Qd4 38.Rhf1 Rxh7 39.Rxc2 Rxc2 40.Qxc2 
Rh8 41.Rd1 Qe3 42.Qg2 Qxa3 43.Rd7 Qb3 44.Rxf7 Qb1 45.Kg3 Qe1+ 46.Kf3 Rd8 
47.Kg4 Qb1 48.Qf3 Rh8 49.Qg2 Qd1+ 50.Kg3 Qb3+ 51.Kg4 Qb1 52.Kg3 a5 53.Rd7 
Rc8 54.f5 exf5 55.g6 Rg8 56.Kf4 Qb5 57.Rf7 a4 58.Kg5 Qb3 59.Kh6 a3 60.Kh7 
a2 61.Kxg8 a1=Q 62.e6 Qe5 63.Rf8+ Ka7 64.Qf2+ b6 65.Rf7+ Ka6 66.Qf1+ Ka5 
67.e7 Qxe7 68.Qxf5+ b5 69.Kh7 Qh4+ 70.Kg8 Qd1 71.g7 Qdd8+ 72.Rf8 Qc4+ 73.
Kh8 Qdh4+ 74.Qh7 Qhd4 75.Ra8+ Kb4 76.Qb1+ Qb3 77.Qe1+ Qbc3 78.Qe7+ Qcc5 
79.Qe1+ Qdc3 80.Qe4+ Kb3 81.Qb1+ Kc4 82.Qe4+ Kb3 83.Qb1+ Kc4 84.Qe4+ 
1/2-1/2

[Event "41st Pan-American U20"]
[Site "Guatape COL"]
[Date "2016.06.21"]
[Round "3.6"]
[White "Gomez Sanchez, Jorge Marcos"]
[Black "Nieto Rodriguez, Alejandro"]
[Result "0-1"]
[WhiteElo "2398"]
[BlackElo "2203"]
[EventDate "2016.06.20"]
[PlyCount "90"]

1.Nf3 Nf6 2.g3 b5 3.Na3 b4 4.Nc4 Bb7 5.Bg2 e6 6.b3 Be7 7.Bb2 O-O 8.O-O c5 
9.a3 a5 10.d3 d5 11.Nce5 Qc7 12.axb4 axb4 13.Rxa8 Bxa8 14.e3 Nbd7 15.h4 
Bb7 16.Bh3 h6 17.g4 Nh7 18.Nxd7 Qxd7 19.Ne5 Qc7 20.h5 Bd6 21.f4 Ra8 22.Qb1
d4 23.exd4 f6 24.g5 fxe5 25.dxe5 Qc6 26.Kh2 Be7 27.gxh6 gxh6 28.Rg1+ Kf7 
29.Bg2 Qb6 30.Bxb7 Qxb7 31.Qd1 Nf8 32.f5 exf5 33.Rf1 Ke8 34.Rxf5 Qd7 35.
Qg4 Ra2 36.e6 Qd6+ 37.Be5 Rxc2+ 38.Kg1 Qxd3 39.Bg3 c4 40.Bf2 Rc1+ 41.Kg2 
Qf1+ 42.Kg3 Rc3+ 43.Rf3 Bd6+ 44.Kh4 Qh1+ 45.Rh3 Be7+ 0-1

[Event "41st Pan-American U20"]
[Site "Guatape COL"]
[Date "2016.06.21"]
[Round "3.7"]
[White "Ampie, Mauro"]
[Black "Jimenez Garcia, Emmanuel"]
[Result "1/2-1/2"]
[WhiteElo "2373"]
[BlackElo "2218"]
[EventDate "2016.06.20"]
[PlyCount "146"]

1.e4 c5 2.Nc3 d6 3.f4 Nc6 4.Nf3 Nf6 5.Bb5 Bd7 6.d3 e6 7.O-O Be7 8.e5 dxe5 
9.fxe5 Ng4 10.Qe2 h5 11.h3 Nh6 12.Qf2 Qc7 13.Ne4 a6 14.Bxc6 Bxc6 15.Bg5 
Bxe4 16.dxe4 O-O-O 17.Bxe7 Qxe7 18.Nd2 f5 19.exf6 gxf6 20.Nb3 c4 21.Qc5+ 
Qxc5+ 22.Nxc5 Rd2 23.Rf2 Rxf2 24.Kxf2 e5 25.Na4 Kc7 26.Nc3 f5 27.Nd5+ Kd6 
28.Ne3 fxe4 29.Nxc4+ Ke6 30.Re1 Rf8+ 31.Kg1 Nf5 32.Rxe4 Kd5 33.Nd2 b5 34.
b3 Nd4 35.c4+ bxc4 36.bxc4+ Ke6 37.Nb3 Nxb3 38.axb3 Rb8 39.Rh4 Rxb3 40.
Rxh5 a5 41.Rh6+ Kf5 42.Ra6 Ra3 43.c5 e4 44.c6 e3 45.c7 Ra1+ 46.Kh2 Rc1 47.
Rxa5+ Ke4 48.Ra4+ Kd3 49.Ra3+ Kd2 50.Ra2+ Kd1 51.Ra1 Rxa1 52.c8=Q e2 53.
Qd7+ Ke1 54.h4 Rd1 55.Qg4 Kd2 56.Qd4+ Kc2 57.Qc4+ Kd2 58.Qd4+ Kc2 59.Qe4+ 
Kd2 60.Qf4+ Kc2 61.Qf2 Kd3 62.Qf3+ Kd2 63.Qf4+ Kd3 64.Qf5+ Kd2 65.Qa5+ Kc2
66.Qa4+ Kd3 67.Qb3+ Kd2 68.Qb4+ Kd3 69.Qb5+ Kd2 70.Qd5+ Ke3 71.Qe5+ Kd3 
72.Qg3+ Kd2 73.Qf2 Kd3 1/2-1/2

[Event "41st Pan-American U20"]
[Site "Guatape COL"]
[Date "2016.06.21"]
[Round "3.8"]
[White "Santiago Vilca, Christian Amil"]
[Black "Cuellar, Diego"]
[Result "1-0"]
[WhiteElo "2269"]
[BlackElo "2357"]
[EventDate "2016.06.20"]
[PlyCount "44"]

1.d4 d5 2.c4 c6 3.Nf3 Nf6 4.Nc3 e6 5.Bg5 dxc4 6.e4 b5 7.e5 h6 8.Bh4 g5 9.
Nxg5 hxg5 10.Bxg5 Nbd7 11.exf6 Bb7 12.g3 c5 13.d5 Nxf6 14.Bg2 Bh6 15.Bxf6 
Qxf6 16.Ne4 Qe5 17.f4 Qc7 18.dxe6 Rd8 19.Qg4 Kf8 20.O-O Bg7 21.f5 Bxe4 22.
f6 Ke8 1-0

[Event "41st Pan-American U20"]
[Site "Guatape COL"]
[Date "2016.06.21"]
[Round "3.9"]
[White "Noboa, Kevin"]
[Black "Ruiz Castillo, Joshua Daniel"]
[Result "0-1"]
[WhiteElo "2201"]
[BlackElo "2399"]
[EventDate "2016.06.20"]
[PlyCount "80"]

1.e4 c5 2.c3 Nf6 3.e5 Nd5 4.d4 d6 5.Nf3 cxd4 6.cxd4 Nc6 7.Bc4 dxe5 8.Nxe5 
e6 9.O-O Be7 10.Qf3 Bf6 11.Nxc6 bxc6 12.Rd1 O-O 13.Nc3 Qb6 14.Qe4 Rd8 15.
Bb3 Qb4 16.Ne2 Bb7 17.Bd2 Qb6 18.Rac1 a5 19.h4 Ba6 20.Bg5 a4 21.Bc2 g6 22.
Nf4 Bxg5 23.hxg5 Qxb2 24.Bxa4 Nc3 25.Rxc3 Qxc3 26.Bxc6 Rac8 27.Nxe6 Rd6 
28.Bd5 Rxd5 29.Qxd5 Bc4 30.Qb7 Bxe6 31.d5 Rd8 32.d6 Qc2 33.Rd4 Qc1+ 34.Kh2
Qxg5 35.Qe7 Qh5+ 36.Kg1 Rb8 37.f3 Rb1+ 38.Kf2 Rb2+ 39.Ke3 Qc5 40.Qd8+ Kg7 
0-1

[Event "41st Pan-American U20"]
[Site "Guatape COL"]
[Date "2016.06.21"]
[Round "3.10"]
[White "Gonzalez Lopez, Nicolas Mateo"]
[Black "Ostrovskiy, Aleksandr A"]
[Result "1-0"]
[WhiteElo "2100"]
[BlackElo "2390"]
[EventDate "2016.06.20"]
[PlyCount "87"]

1.e4 e6 2.d4 d5 3.Nd2 Nc6 4.Ngf3 Nf6 5.e5 Nd7 6.c3 f6 7.Bb5 fxe5 8.dxe5 
Be7 9.Bxc6 bxc6 10.Nd4 Nxe5 11.Qh5+ Nf7 12.Nxc6 Qd6 13.Nxe7 Qxe7 14.O-O 
O-O 15.Re1 e5 16.Nb3 Qf6 17.Be3 Bf5 18.Rad1 c6 19.Nc5 Rad8 20.f4 Bg6 21.
Qg4 Bf5 22.Qh5 g6 23.fxe5 Nxe5 24.Qg5 Qxg5 25.Bxg5 Rde8 26.Bh6 Rf7 27.Re3 
Be4 28.Nxe4 dxe4 29.Rxe4 Rfe7 30.Bf4 Nf7 31.Rxe7 Rxe7 32.Kf2 g5 33.Be3 h6 
34.Bc5 Rb7 35.b4 Kg7 36.a4 Kg6 37.g4 h5 38.h3 hxg4 39.hxg4 Kf6 40.Re1 Nh6 
41.Bd4+ Kf7 42.Kg3 Ng8 43.Re5 Ne7 44.Rxg5 1-0

[Event "41st Pan-American U20"]
[Site "Guatape COL"]
[Date "2016.06.21"]
[Round "3.11"]
[White "Acosta, Pablo Ismael"]
[Black "Rosero, Jefferson"]
[Result "1-0"]
[WhiteElo "2380"]
[BlackElo "2090"]
[EventDate "2016.06.20"]
[PlyCount "91"]

1.c4 c5 2.g3 g6 3.Bg2 Nc6 4.Nc3 Bg7 5.Nf3 e6 6.O-O Nge7 7.d3 O-O 8.Ne4 b6 
9.Nd6 Qc7 10.Bf4 e5 11.Nb5 Qb8 12.Bg5 Bb7 13.Qc1 Re8 14.e4 a6 15.Nc3 Qd6 
16.Nd5 Nxd5 17.exd5 Nd4 18.Nxd4 cxd4 19.f4 Qb4 20.f5 f6 21.Bd2 Qf8 22.h4 
Rac8 23.Be4 Qf7 24.Qd1 gxf5 25.Rxf5 d6 26.Rh5 Rc7 27.Bxh7+ Kf8 28.Qe2 e4 
29.Bxe4 Bc8 30.Bf4 Rd7 31.Qf3 Rdd8 32.Bf5 Bxf5 33.Rxf5 Qg6 34.g4 Kg8 35.h5
Qh7 36.Rf1 Rd7 37.Qf2 Rde7 38.Qxd4 Re2 39.Bxd6 Rc2 40.Kh1 Ree2 41.Qxb6 Qh6
42.Qb8+ Kh7 43.Bf4 Rxb2 44.Qxb2 Rxb2 45.Bxh6 Kxh6 46.d6 1-0

[Event "41st Pan-American U20"]
[Site "Guatape COL"]
[Date "2016.06.21"]
[Round "3.12"]
[White "Posada, Juan Manuel"]
[Black "Barros Rivadeneira, Cristhian"]
[Result "0-1"]
[WhiteElo "2041"]
[BlackElo "2283"]
[EventDate "2016.06.20"]
[PlyCount "62"]

1.e4 c5 2.Nf3 d6 3.d4 cxd4 4.Nxd4 Nf6 5.Nc3 a6 6.Bg5 e6 7.f4 Be7 8.Qf3 Qc7
9.O-O-O Nbd7 10.g4 b5 11.Bxf6 Nxf6 12.g5 Nd7 13.f5 Bxg5+ 14.Kb1 Ne5 15.Qh5
Qe7 16.Nxe6 Bxe6 17.fxe6 g6 18.exf7+ Nxf7 19.Qe2 O-O 20.h4 Bh6 21.h5 g5 
22.Bh3 Bg7 23.Nd5 Qe5 24.c3 Rae8 25.Rhe1 Nh6 26.Nc7 Re7 27.Rd5 Qg3 28.Rd3 
Qh4 29.Ne6 Rf2 30.Qe3 g4 31.Nxg7 Rf3 0-1

[Event "41st Pan-American U20"]
[Site "Guatape COL"]
[Date "2016.06.21"]
[Round "3.13"]
[White "Salcedo, Pablo Esteban"]
[Black "Gracia Alvarez, Gerardo An"]
[Result "0-1"]
[WhiteElo "2035"]
[BlackElo "2241"]
[EventDate "2016.06.20"]
[PlyCount "92"]

1.d4 Nf6 2.c4 g6 3.Nc3 Bg7 4.e4 d6 5.Nf3 O-O 6.Be2 e5 7.Be3 Ng4 8.Bg5 f6 
9.Bh4 Nc6 10.d5 Ne7 11.h3 Nh6 12.Nd2 c5 13.O-O g5 14.Bg3 f5 15.f3 Ng6 16.
a3 Bd7 17.Bf2 f4 18.b4 b6 19.bxc5 bxc5 20.Qc2 Nf7 21.Rfb1 h5 22.Rb2 Nh6 
23.Rab1 g4 24.hxg4 hxg4 25.fxg4 Nxg4 26.Bxg4 Bxg4 27.Nf3 Bf6 28.Rb7 Qc8 
29.Qa4 Ne7 30.Kf1 Rf7 31.Qb5 Qf8 32.Rb8 Rxb8 33.Qxb8 Nc8 34.Rb7 Rxb7 35.
Qxb7 Qh6 36.Nb5 Qg6 37.Nd2 f3 38.gxf3 Bh3+ 39.Ke1 Qg2 40.Be3 Bd8 41.Qa6 
Bb6 42.a4 Qh1+ 43.Ke2 Qa1 44.Qb7 Ba5 45.Nxa7 Bxd2 46.Nxc8 Qe1+ 0-1

[Event "41st Pan-American U20"]
[Site "Guatape COL"]
[Date "2016.06.21"]
[Round "3.14"]
[White "Olarte Parra, Jhoan Sebastian"]
[Black "Husbands, Orlando"]
[Result "0-1"]
[WhiteElo "2001"]
[BlackElo "2233"]
[EventDate "2016.06.20"]
[PlyCount "94"]

1.e4 c5 2.Nf3 d6 3.c4 Nf6 4.Nc3 Bg4 5.Be2 Nc6 6.a3 g6 7.Rb1 Bg7 8.d3 O-O 
9.Be3 Nd7 10.Ng1 Bxe2 11.Ngxe2 Nd4 12.O-O a6 13.b4 b6 14.Qd2 Rb8 15.Bxd4 
cxd4 16.Na2 b5 17.Rfc1 Qb6 18.c5 dxc5 19.bxc5 Nxc5 20.Nb4 Rfc8 21.Nd5 Qd6 
22.Qg5 Kf8 23.Qd2 e6 24.Nb4 Na4 25.f4 Nc3 26.e5 Nxb1 27.Rxb1 Qb6 28.Nc2 
Rd8 29.Ng3 Rbc8 30.Ne4 Qc7 31.Rb2 Kg8 32.Qf2 Qb6 33.Ne1 Rc1 34.h3 Qa5 35.
Re2 Qxa3 36.Qh4 Rdc8 37.Kh2 b4 38.Nd6 b3 39.Nxc8 Rxc8 40.Qf2 Qb4 41.Nf3 
Rd8 42.Ng5 h6 43.Ne4 a5 44.Qh4 Rb8 45.Nf6+ Bxf6 46.exf6 Qf8 47.Qf2 Qd8 0-1

[Event "41st Pan-American U20"]
[Site "Guatape COL"]
[Date "2016.06.21"]
[Round "3.15"]
[White "Squella Lavin, Carlos Felipe"]
[Black "Soto, Miguel Angel"]
[Result "1/2-1/2"]
[WhiteElo "2221"]
[BlackElo "1972"]
[EventDate "2016.06.20"]
[PlyCount "144"]

1.d4 Nf6 2.c4 g6 3.Nc3 Bg7 4.g3 O-O 5.Bg2 d6 6.Nf3 Nbd7 7.O-O e5 8.h3 c6 
9.e4 exd4 10.Nxd4 Nc5 11.Re1 a5 12.Be3 a4 13.Qc2 Nfd7 14.Rad1 Qa5 15.b3 
axb3 16.axb3 Qb4 17.Nce2 Ra3 18.Bc1 Ra8 19.Bd2 Qb6 20.Ra1 Rxa1 21.Rxa1 Ne6
22.Nxe6 Bxa1 23.Nxf8 Nxf8 24.Qd3 Bg7 25.Bf4 Be5 26.Be3 Qb4 27.f4 Bg7 28.
Kh2 Ne6 29.f5 Nf8 30.Bd2 Qa3 31.Bf4 Be5 32.Bxe5 dxe5 33.h4 Qe7 34.Bh3 Nd7 
35.Qe3 Nf8 36.fxg6 Bxh3 37.gxf7+ Qxf7 38.Kxh3 Qf1+ 39.Kh2 Ne6 40.Ng1 Nd4 
41.g4 Ne6 42.Qf3 Qe1 43.Qg3 Qxe4 44.Nh3 Qc2+ 45.Kh1 Qd1+ 46.Kh2 Qc2+ 47.
Kh1 Qd1+ 48.Kh2 Nd4 49.Nf2 Qxb3 50.Qxb3 Nxb3 51.Nd3 e4 52.Ne5 Nd2 53.Kg3 
e3 54.c5 Ne4+ 55.Kf3 Nxc5 56.Kxe3 Kg7 57.g5 Ne6 58.Ke4 Nf8 59.h5 Ne6 60.
Kf5 Nd4+ 61.Ke4 Ne6 62.h6+ Kg8 63.Kf5 Nf8 64.Ng4 b5 65.Ke4 b4 66.Kd3 c5 
67.Kc4 Ne6 68.Nf6+ Kh8 69.Ne4 Kg8 70.Nf6+ Kh8 71.Ne4 Kg8 72.Nf6+ Kh8 
1/2-1/2

[Event "41st Pan-American U20"]
[Site "Guatape COL"]
[Date "2016.06.21"]
[Round "3.16"]
[White "Oliva Meneses, Juan Carlos"]
[Black "Bejar Caceres, Brayan"]
[Result "1-0"]
[WhiteElo "2216"]
[BlackElo "1957"]
[EventDate "2016.06.20"]
[PlyCount "97"]

1.e4 d6 2.d4 g6 3.c4 Bg7 4.Nc3 Nf6 5.Be2 O-O 6.Nf3 e5 7.O-O Na6 8.Bg5 h6 
9.dxe5 dxe5 10.Bh4 Qe8 11.Ne1 g5 12.Bg3 Nc5 13.f3 Nh5 14.Bf2 Ne6 15.Nd3 c6
16.Re1 a5 17.a3 Qe7 18.b4 Rd8 19.Bb6 axb4 20.axb4 Rxa1 21.Qxa1 Re8 22.Bf1 
Nd4 23.Qb2 Be6 24.Nc5 g4 25.Nxe6 Qxe6 26.fxg4 Qxg4 27.Qf2 Re6 28.Be2 Nxe2+
29.Qxe2 Qg6 30.Kh1 Nf4 31.Qc2 Qh5 32.Qd1 Qg5 33.Qf3 Rd6 34.Rd1 Rxd1+ 35.
Nxd1 Ne6 36.Be3 Qd8 37.Nf2 Kf8 38.h3 Qe7 39.c5 Nd4 40.Qd1 Qe6 41.Qa4 Qd7 
42.Ng4 Ne6 43.Nxh6 Qd3 44.Nf5 Bf6 45.Qa8+ Bd8 46.Qxb7 Qxe4 47.Nd6 Qb1+ 48.
Kh2 Bc7 49.Qxc6 1-0

[Event "41st Pan-American U20"]
[Site "Guatape COL"]
[Date "2016.06.21"]
[Round "3.18"]
[White "Obando Guzman, Soren Federico"]
[Black "Filipps, Yamil"]
[Result "1-0"]
[WhiteElo "1992"]
[BlackElo "2164"]
[EventDate "2016.06.20"]
[PlyCount "109"]

1.d4 Nf6 2.c4 g6 3.Nf3 Bg7 4.g3 O-O 5.Bg2 d6 6.O-O Nbd7 7.Nc3 e5 8.e4 c6 
9.h3 Qc7 10.Be3 Re8 11.Qc2 exd4 12.Nxd4 Nc5 13.Rad1 Ne6 14.Rfe1 Nxd4 15.
Bxd4 Be6 16.b3 Rad8 17.f4 Qa5 18.Ne2 Nh5 19.Bf2 Nf6 20.Nd4 Bc8 21.a3 Nd7 
22.b4 Qc7 23.Nb3 Nf8 24.c5 dxc5 25.Nxc5 Ne6 26.e5 Nxc5 27.Qxc5 a6 28.a4 
Bf8 29.Qc3 Rxd1 30.Rxd1 Rd8 31.Rc1 Be6 32.a5 Qc8 33.Bb6 Rd7 34.Kh2 Be7 35.
Rc2 Bd5 36.Rd2 Bxg2 37.Kxg2 Kf8 38.Re2 Kg8 39.e6 fxe6 40.Rxe6 Rd2+ 41.Qxd2
Qxe6 42.Bc5 Bf6 43.g4 h5 44.Qe3 Kf7 45.Kf3 Qd5+ 46.Qe4 Qd1+ 47.Kg3 Qb3+ 
48.Kg2 Bh4 49.Qe3 Qxe3 50.Bxe3 Ke6 51.Kf3 Be7 52.Bd2 Kd5 53.f5 gxf5 54.
gxh5 Ke6 55.Bc3 1-0